Isotopes in biochemistry (Record no. 48388)
[ view plain ]
| 000 -LEADER | |
|---|---|
| fixed length control field | 00556nam a2200145 a 4500 |
| 008 - FIXED-LENGTH DATA ELEMENTS--GENERAL INFORMATION | |
| fixed length control field | 120416s1965 ||||||||||||||||| || u |
| 050 ## - LIBRARY OF CONGRESS CALL NUMBER | |
| Classification number | QP 521 Rog |
| 100 ## - MAIN ENTRY--PERSONAL NAME | |
| Personal name | Roginskii, S. L |
| 245 10 - TITLE STATEMENT | |
| Title | Isotopes in biochemistry |
| 246 ## - VARYING FORM OF TITLE | |
| Title proper/short title | theory, problems, results |
| 260 ## - PUBLICATION, DISTRIBUTION, ETC. | |
| Place of publication, distribution, etc. | Jerusalem |
| Name of publisher, distributor, etc. | Israel Program for Scientific Translation |
| Date of publication, distribution, etc. | 1965 |
| 300 ## - PHYSICAL DESCRIPTION | |
| Extent | viii, 312p. : ill. |
| 350 ## - PRICE (NR) (BK AM CF MU VM SE) [OBSOLETE] | |
| Price | 0.00 |
| 995 ## - RECOMMENDATION 995 [LOCAL, UNIMARC FRANCE] | |
| -- | 0.00 |
| -- | CBU-MAIN LIBRARY (Kitwe) |
| -- | 1 |
| -- | 13.10 |
| -- | 1 |
| -- | AVAILABLE |
| -- | Mar 22, 2007 |
| -- | Annex Low-Usage Collection |
| Withdrawn status | Lost status | Source of classification or shelving scheme | Damaged status | Not for loan | Home library | Current library | Shelving location | Date acquired | Total Checkouts | Full call number | Barcode | Date last seen | Price effective from | Koha item type |
|---|---|---|---|---|---|---|---|---|---|---|---|---|---|---|
| CBU-MAIN LIBRARY, KITWE. | CBU-MAIN LIBRARY, KITWE. | 11/30/2022 | QP 521 Rog | 015067 | 11/30/2022 | 11/30/2022 | MONOGRAPH |